Humic substances : structures, properties and uses

Αποθηκεύτηκε σε:
Λεπτομέρειες βιβλιογραφικής εγγραφής
Συλλογικό Έργο: Royal Society of Chemistry (Great Britain), Humic Substances Seminar
Άλλοι συγγραφείς: Davies, Geoffrey (Επιμελητής έκδοσης), Ghabbour, Elham A. (Επιμελητής έκδοσης)
Μορφή: Πρακτικό Συνεδρίου Βιβλίο
Γλώσσα:English
Δημοσίευση: Cambridge : Royal Society of Chemistry, 1998
Σειρά:Special publication (Royal Society of Chemistry (Great Britain)) ; 228
Θέματα:
Ετικέτες: Προσθήκη ετικέτας
Δεν υπάρχουν, Καταχωρήστε ετικέτα πρώτοι!

MARC

LEADER 00000cam a2200000 i 4500
001 1/103316
008 090326s1998 eng d
020 |a 0-85404-704-2 
035 |l 10103998 
040 |a GR-MY-UA  |b gre  |e aacr 
041 0 |a eng 
082 0 |a 631.417  |2 (22) 
245 1 0 |a Humic substances :  |b structures, properties and uses /  |c edited by Geoffrey Davies, Elham A. Ghabbour ; with the assistance of Khaled A. Khairy 
260 |a Cambridge :   |b Royal Society of Chemistry,   |c 1998 
300 |a xii, 259 σ.;  |b εικ.;  |c 24 εκ. 
490 1 |a Special publication  |v ; 228 
500 |a Πρακτικά από το 2ο Χουμικό Σεμινάριο Ουσιών, που πραγματοποιήθηκε στις 27 Μαρτίου 1998 στο Βορειοανατολικό Πανεπιστήμιο, Βοστώνη, Μασαχουσέτη 
504 |a Περιέχει βιβλιογραφικές παραπομπές και ευρετήριο 
650 0 0 |a Humus  |x Congresses. 
650 0 0 |a Humic acid  |x Congresses. 
700 1 |a Davies, Geoffrey.  |4 edt 
700 1 |a Ghabbour, Elham A.  |4 edt 
710 2 |a Royal Society of Chemistry (Great Britain) 
711 2 |a Humic Substances Seminar   |n (2nd :   |d 1998 :   |c Northeastern University, Boston, Mass.) 
830 0 |a Special publication (Royal Society of Chemistry (Great Britain))  |v ; 228 
852 |a INST  |b LESVOS  |e 20090326  |h 631.417 HUM  |p 005100044646  |q 005100044646  |t BK  |y 0 
901 |a BIBL1-2009-1 
909 |a Λ  |b 154072 
922 |a 1ΕΛΗ  |b 200809  |c ΕΠΕΑΕΚ2/ΤΠ  |d ΜΙΧΑΛΟΠΟΥΛΟΣ 
970 |a ΚΑΡΑ  |b ΓΙΑΣΕΜΗ  |z 2009/03/26